000
00165nam a2200073Ia 4500
008
170620s9999 xx 000 0 und d
100
_a
A . I. R.
245
0
_a
All India Report- 1998
260
_c
1998
999
_c
29250
_d
29250